000 00491nam a2200181Ia 4500
001 23708
005 20260414150955.0
008 260414t2018||||xx |||||||||||||| ||spa||
041 _aESP
082 _a693.71
_bJ26
100 _aJáuregui, Esteban
_eAUT
245 0 _aIntroducción al sistema steel framing :
_bconstruyendo con perfiles de acero galvanizado liviano
260 _c2018
300 _a131 páginas :
_c28 cm.
650 _a0
654 _aCIC
942 _cLIB
_dJUS
_fJUS
_2ddc
_n
999 _c23708
_d23708